Most Streamed "Taylor's Version" Songs — Taylor Swift - Statistics

General Stats
  • This quiz has been taken 40 times
  • The average score is 18 of 25
Answer Stats
Total Streams Album Answer % Correct
933,579,708 Fearless (Taylor's Version) Love Story
96%
275,385,236 1989 (Taylor's Version) Blank Space
92%
373,330,294 Fearless (Taylor's Version) Fearless
88%
410,804,041 Red (Taylor's Version) We Are Never Ever Getting Back Together
88%
831,226,929 Fearless (Taylor's Version) You Belong With Me
88%
343,964,156 Red (Taylor's Version) 22
83%
307,360,681 Red (Taylor's Version) All Too Well
83%
980,299,395 Red (Taylor's Version) All Too Well (10 Minute Version)
83%
383,109,839 Speak Now (Taylor's Version) Enchanted
83%
498,024,776 1989 (Taylor's Version) Is It Over Now?
83%
432,492,115 Red (Taylor's Version) I Knew You Were Trouble
79%
334,327,269 Red (Taylor's Version) Red
75%
853,744,603 1989 (Taylor's Version) Wildest Dreams
75%
311,267,841 1989 (Taylor's Version) Style
71%
412,149,531 Fearless (Taylor's Version) Mr. Perfectly Fine
67%
350,631,663 1989 (Taylor's Version) "Sl*t!"
67%
240,001,393 Speak Now (Taylor's Version) Back To December
58%
292,913,639 Speak Now (Taylor's Version) I Can See You
58%
223,374,454 Red (Taylor's Version) Message In A Bottle
58%
354,464,267 1989 (Taylor's Version) Now That We Don't Talk
58%
228,025,372 1989 (Taylor's Version) Say Don't Go
58%
474,120,036 Fearless (Taylor's Version) The Way I Loved You
58%
242,118,806 Red (Taylor's Version) I Bet You Think About Me
54%
292,043,907 1989 (Taylor's Version) This Love
54%
253,454,333 Red (Taylor's Version) Nothing New
50%
No matching quizzes found
Score Distribution
Percent of People with Each Score
Percentile by Number Answered
Your Score History
You have not taken this quiz